| 000 | 00392nam a22001217a 4500 | ||
|---|---|---|---|
| 082 |
_a349.54904 _bSUP |
||
| 245 |
_aThe Supreme Court monthly review [SCMR] 2023 / _cEdited by Muhammad Wahaj Azhar and et all |
||
| 260 |
_aLahore : _bPakistan Law House, _c2023. |
||
| 300 |
_a3 v. _c24 cm. |
||
| 563 | _aHardcover. | ||
| 650 |
_aLaw, The Supreme Court monthly review _9126986 |
||
| 942 |
_2ddc _cREF |
||
| 999 |
_c612353 _d612353 |
||